Racism and anti-racism in probation
| 1. VerfasserIn: | |
|---|---|
| Medienart: | Druck Buch |
| Sprache: | Englisch |
| Veröffentlicht: |
London [u.a.]
Routledge [u.a.]
1992
|
| In: | Jahr: 1992 |
| Ausgabe: | 1. publ. |
| Online-Zugang: |
Inhaltsverzeichnis Verlagsangaben (Verlag) |
| Bestand in Tübingen: | In Tübingen vorhanden. UB: KB 19 A 8 |
| Verfügbarkeit prüfen: | HBZ Gateway |
| Subito Bestelldienst: | Jetzt bestellen. |
| Schlagwörter: |
MARC
| LEADER | 00000cam a2200000 c 4500 | ||
|---|---|---|---|
| 001 | 112635024 | ||
| 003 | DE-627 | ||
| 005 | 20251222200043.0 | ||
| 007 | tu | ||
| 008 | 921122s1992 xxk||||| 00| ||eng c | ||
| 016 | 7 | |a 0415061563 |2 UK | |
| 020 | |a 0415061563 |9 0-415-06156-3 | ||
| 020 | |a 0415061571 |c pbk. |9 0-415-06157-1 | ||
| 035 | |a (DE-627)112635024 | ||
| 035 | |a (DE-576)031357857 | ||
| 035 | |a (DE-599)GBV112635024 | ||
| 035 | |a (OCoLC)231505770 | ||
| 035 | |a (OCoLC)25316994 | ||
| 035 | |a (DE-604)807722728x | ||
| 040 | |a DE-627 |b ger |c DE-627 |e rakwb | ||
| 041 | |a eng | ||
| 044 | |c XA-GB |c XD-US | ||
| 050 | 0 | |a HV9346.A5 | |
| 082 | 0 | |a 364.6/3/0942 |q LOC |2 20 | |
| 082 | 0 | |a 364.63 | |
| 084 | |a MC 7400 |2 rvk |0 (DE-625)rvk/122420: | ||
| 084 | |a PH 8760 |2 rvk |0 (DE-625)rvk/136518: | ||
| 100 | 1 | |a Denney, David |0 (DE-588)172040698 |0 (DE-627)696940884 |0 (DE-576)164257764 |4 aut | |
| 109 | |a Denney, David | ||
| 245 | 1 | 0 | |a Racism and anti-racism in probation |c David Denney |
| 250 | |a 1. publ. | ||
| 264 | 1 | |a London [u.a.] |b Routledge [u.a.] |c 1992 | |
| 300 | |a IX, 204 S. |b Ill. |c 23 cm | ||
| 336 | |a Text |b txt |2 rdacontent | ||
| 337 | |a ohne Hilfsmittel zu benutzen |b n |2 rdamedia | ||
| 338 | |a Band |b nc |2 rdacarrier | ||
| 500 | |a Includes bibliographical references (p. [187]-196) and index | ||
| 583 | 1 | |a Archivierung prüfen |c 20200919 |f DE-640 |z 3 |2 pdager | |
| 650 | 0 | |a Probation |z England | |
| 650 | 0 | |a Discrimination in criminal justice administration |z England | |
| 650 | 0 | |a Anti-racism |z England | |
| 689 | 0 | 0 | |d g |0 (DE-588)4022153-2 |0 (DE-627)104665513 |0 (DE-576)208942076 |a Großbritannien |2 gnd |
| 689 | 0 | 1 | |d s |0 (DE-588)4006305-7 |0 (DE-627)106378023 |0 (DE-576)208865039 |a Bewährungshilfe |2 gnd |
| 689 | 0 | 2 | |d s |0 (DE-588)4048442-7 |0 (DE-627)104571756 |0 (DE-576)209077883 |a Rassendiskriminierung |2 gnd |
| 689 | 0 | |5 (DE-627) | |
| 689 | 1 | 0 | |d s |0 (DE-588)4275311-9 |0 (DE-627)104445874 |0 (DE-576)210714018 |a Antirassismus |2 gnd |
| 689 | 1 | |5 (DE-627) | |
| 689 | 2 | 0 | |d s |0 (DE-588)4076527-1 |0 (DE-627)10445184X |0 (DE-576)209202130 |a Rassismus |2 gnd |
| 689 | 2 | |5 (DE-627) | |
| 856 | 4 | 2 | |u http://www.gbv.de/dms/hbz/toc/ht004548600.PDF |m V:DE-605 |v 2008-11-15 |x Verlag |y Inhaltsverzeichnis |3 Inhaltsverzeichnis |7 1 |
| 856 | 4 | 2 | |u http://www.loc.gov/catdir/enhancements/fy0648/92002795-d.html |v 2018-05-22 |x Verlag |3 Verlagsangaben |7 1 |
| 935 | |i Blocktest | ||
| 936 | r | v | |a MC 7400 |b Rassismus, Antisemitismus |k Politologie |k Geschichte der politischen Philosophie und der Ideologien |k Ideologien und Massenbewegungen |k Rassismus, Antisemitismus |0 (DE-627)127099364X |0 (DE-625)rvk/122420: |0 (DE-576)20099364X |
| 936 | r | v | |a PH 8760 |b Raub; Erpressung; Geiselnahme; Luftpiraterie; Politisch motivierte Gewaltverbrechen; Terrorismus; Gewalt gegen Ausländer |k Rechtswissenschaft |k Strafrecht, Strafverfahrensrecht, Kriminologie |k Kriminologie |k Einzelne Deliktsgruppen |k Gewaltkriminalität, Gewaltdelikt |k Raub; Erpressung; Geiselnahme; Luftpiraterie; Politisch motivierte Gewaltverbrechen; Terrorismus; Gewalt gegen Ausländer |0 (DE-627)1271914344 |0 (DE-625)rvk/136518: |0 (DE-576)201914344 |
| 951 | |a BO | ||
| ELC | |b 1 | ||
| LOK | |0 000 xxxxxcx a22 zn 4500 | ||
| LOK | |0 001 3157240021 | ||
| LOK | |0 003 DE-627 | ||
| LOK | |0 004 112635024 | ||
| LOK | |0 005 20151006132836 | ||
| LOK | |0 008 930112||||||||||||||||ger||||||| | ||
| LOK | |0 040 |a DE-21 |c DE-627 |d DE-21 | ||
| LOK | |0 852 |a DE-21 | ||
| LOK | |0 852 1 |c KB 19 A 8 |9 00 | ||
| LOK | |0 935 |a krim | ||
| LOK | |0 939 |a 12-01-93 |b l01 | ||
| ORI | |a SA-MARC-krimdoka001.raw | ||
| SIG | |a UB: KB 19 A 8 | ||
| TIM | |a 100017070101_100020261231 |b 1707 - 2026 | ||
